[Event "Dublin International 65+ 2024"]
[Site "Dublin IRL"]
[Date "2024.03.29"]
[Round "1.1"]
[White "Doyle, Tony"]
[Black "Donohoe, Eugene"]
[Result "1/2-1/2"]
[WhiteTitle "NM"]
[WhiteElo "2035"]
[BlackElo "1740"]
[WhiteICU "1844"]
[BlackICU "1387"]
[WhiteClub "Unattached"]
[BlackClub "Lucan"]
[WhiteNationality "IRL"]
[BlackNationality "IRL"]
[WhiteFideId "2500329"]
[BlackFideId "2502445"]
[PlyCount "31"]
[FIDETournamentId "367372"]
[ChessResultsKey "912561"]
[Venue "Talbot Hotel Stillorgan"]
[EventDate "2024.03.29"]

{ Event information: <a
href="https://www.irlchess.com/dublin65plus2024_allfiles/pairings_dublin65plus2024.html">Tournament
report</a>. }

1. Nf3 f5 2. d3 Nf6 3. e4 d6 4. Nc3 e5 5. Be2 Be7 6. O-O O-O 7. Re1 Nc6 8.
Bf1 f4 9. h3 Qe8 10. d4 Qg6 11. dxe5 dxe5 12. Nd5 Bd6 13. Kh2 Qh5 14. Kg1
Kh8 15. c3 Ne7 16. Nxf6 1/2-1/2

[Event "Dublin International 65+ 2024"]
[Site "Dublin IRL"]
[Date "2024.03.29"]
[Round "1.2"]
[White "O'Sullivan, Tom"]
[Black "Morriss, Pete"]
[Result "0-1"]
[WhiteElo "1734"]
[BlackElo "1957"]
[WhiteICU "1242"]
[BlackICU "1722"]
[WhiteClub "Malahide"]
[BlackClub "Galway"]
[WhiteNationality "IRL"]
[BlackNationality "IRL"]
[WhiteFideId "2504375"]
[BlackFideId "2500230"]
[PlyCount "40"]
[FIDETournamentId "367372"]
[ChessResultsKey "912561"]
[Venue "Talbot Hotel Stillorgan"]
[EventDate "2024.03.29"]

{ Event information: <a
href="https://www.irlchess.com/dublin65plus2024_allfiles/pairings_dublin65plus2024.html">Tournament
report</a>. }

1. d4 d5 2. Nf3 Nf6 3. c4 e6 4. Nc3 c5 5. e3 Nc6 6. Be2 cxd4 7. exd4 dxc4
8. Bxc4 Be7 9. O-O O-O 10. Be3 b6 11. d5 Na5 12. Bb5 Nxd5 13. Nxd5 Qxd5 14.
Qe2 Bb7 15. Rfd1 Qh5 16. Rd7 Bf6 17. Rc1 Rac8 18. Rdc7 Rxc7 19. Rxc7 Bxf3
20. gxf3 Be5 0-1

[Event "Dublin International 65+ 2024"]
[Site "Dublin IRL"]
[Date "2024.03.29"]
[Round "1.3"]
[White "MacElligott, Gerard"]
[Black "Lynch, Peter J."]
[Result "1-0"]
[WhiteTitle "CM"]
[WhiteElo "1954"]
[BlackElo "1730"]
[WhiteICU "1825"]
[BlackICU "1304"]
[WhiteClub "Elm Mount"]
[BlackClub "Knights of Eanna / Rathmines"]
[WhiteNationality "IRL"]
[BlackNationality "IRL"]
[WhiteFideId "2500647"]
[BlackFideId "2501252"]
[PlyCount "87"]
[FIDETournamentId "367372"]
[ChessResultsKey "912561"]
[Venue "Talbot Hotel Stillorgan"]
[EventDate "2024.03.29"]

{ Event information: <a
href="https://www.irlchess.com/dublin65plus2024_allfiles/pairings_dublin65plus2024.html">Tournament
report</a>. }

1. e4 c5 2. c3 g6 3. d4 cxd4 4. cxd4 d6 5. Nc3 Bg7 6. h3 Nc6 7. Nf3 a6 8.
Be3 Nf6 9. d5 Na7 10. a4 O-O 11. Bd3 Bd7 12. O-O Qc7 13. Qd2 Rfc8 14. Rfc1
Qd8 15. Bd4 Rcb8 16. Qe3 Nc8 17. b4 b6 18. Ra2 e5 19. dxe6 fxe6 20. e5 Ne8
21. Rd2 d5 22. Rdc2 Ne7 23. b5 a5 24. Ne2 Nf5 25. Bxf5 gxf5 26. g4 fxg4 27.
hxg4 Ra7 28. Kg2 Rab7 29. Rh1 Rc8 30. Rd2 Rc4 31. Qd3 h6 32. Qg6 Qe7 33.
Rxh6 Qf7 $2 34. Qh7+ $2 (34. Rh8+ $1) 34... Kf8 35. Ng5 Qg8 36. Rg6 Rxa4
37. Nf4 Qxh7 38. Nxh7+ Ke7 39. Nf6 Kf7 40. Nxd7 Rxd7 41. Rxe6 Nc7 42. Rxb6
Rxd4 43. Rxd4 Bxe5 44. Ra4 1-0

[Event "Dublin International 65+ 2024"]
[Site "Dublin IRL"]
[Date "2024.03.29"]
[Round "1.4"]
[White "Bjarnason, Larus H."]
[Black "Harding, Tim"]
[Result "0-1"]
[BlackTitle "CM"]
[WhiteElo "1699"]
[BlackElo "1931"]
[BlackICU "1787"]
[WhiteClub "KR ISL"]
[BlackClub "Unattached"]
[WhiteNationality "ISL"]
[BlackNationality "IRL"]
[WhiteFideId "2304848"]
[BlackFideId "2500256"]
[PlyCount "66"]
[FIDETournamentId "367372"]
[ChessResultsKey "912561"]
[Venue "Talbot Hotel Stillorgan"]
[EventDate "2024.03.29"]
[WhiteFullName "Bjarnason, L&aacute;rus H."]

{ Event information: <a
href="https://www.irlchess.com/dublin65plus2024_allfiles/pairings_dublin65plus2024.html">Tournament
report</a>. }

1. e4 d5 2. e5 c5 3. f4 Nc6 4. Nf3 g6 5. c3 Bg4 6. Be2 Bg7 7. d3 Qb6 8. O-O
e6 9. Nbd2 Nge7 10. h3 Bxf3 11. Nxf3 Nf5 12. Kf2 d4 13. Qc2 c4 14. cxd4
Ncxd4 15. Nxd4 Qxd4+ 16. Ke1 cxd3 17. Qxd3 O-O 18. g4 Rfd8 19. Qb3 Bf8 20.
a3 Nh4 21. Qg3 Be7 22. f5 exf5 23. gxf5 Qe4 24. Rf4 Ng2+ 25. Kf1 Nxf4 26.
Bxf4 Qxf5 27. Kg2 Rac8 28. Rf1 Rc2 29. Rf2 Bc5 30. Be3 Qe4+ 31. Qf3 Qxf3+
32. Kxf3 Bxe3 33. Kxe3 Rxb2 0-1

[Event "Dublin International 65+ 2024"]
[Site "Dublin IRL"]
[Date "2024.03.30"]
[Round "2.1"]
[White "Morriss, Pete"]
[Black "Salter, David"]
[Result "1-0"]
[WhiteElo "1957"]
[BlackElo "1886"]
[WhiteICU "1722"]
[BlackICU "1706"]
[WhiteClub "Galway"]
[BlackClub "Phibsboro"]
[WhiteNationality "IRL"]
[BlackNationality "IRL"]
[WhiteFideId "2500230"]
[BlackFideId "2501988"]
[PlyCount "71"]
[FIDETournamentId "367372"]
[ChessResultsKey "912561"]
[Venue "Talbot Hotel Stillorgan"]
[EventDate "2024.03.29"]

{ Event information: <a
href="https://www.irlchess.com/dublin65plus2024_allfiles/pairings_dublin65plus2024.html">Tournament
report</a>. }

1. b4 e6 2. Bb2 Nf6 3. b5 d5 4. e3 Be7 5. Nf3 O-O 6. c4 c6 7. a4 a6 8. Nc3
Nbd7 9. d4 Ne4 10. Nxe4 dxe4 11. Nd2 Bb4 12. Ba3 Qe7 13. Bxb4 Qxb4 14. Rb1
Qa5 15. bxc6 bxc6 16. c5 e5 17. Qc2 exd4 18. exd4 Re8 19. Be2 e3 20. fxe3
Rxe3 21. Kf2 Rc3 22. Qe4 Qxa4 23. Ra1 Qc2 24. Qe8+ Nf8 25. Rhd1 Bb7 26. Qe7
Qf5+ 27. Bf3 Qd7 28. Qxd7 Nxd7 29. Ne4 Rc2+ 30. Kg3 Ra7 31. Nd6 Ba8 32.
Rab1 g6 33. Re1 Nf6 34. Rb8+ Kg7 35. Nc8 Nd7 36. Re7 1-0

[Event "Dublin International 65+ 2024"]
[Site "Dublin IRL"]
[Date "2024.03.30"]
[Round "2.2"]
[White "Murray, Jim G."]
[Black "MacElligott, Gerard"]
[Result "1/2-1/2"]
[BlackTitle "CM"]
[WhiteElo "1898"]
[BlackElo "1954"]
[WhiteICU "1711"]
[BlackICU "1825"]
[WhiteClub "Lucan"]
[BlackClub "Elm Mount"]
[WhiteNationality "IRL"]
[BlackNationality "IRL"]
[WhiteFideId "2501490"]
[BlackFideId "2500647"]
[PlyCount "49"]
[FIDETournamentId "367372"]
[ChessResultsKey "912561"]
[Venue "Talbot Hotel Stillorgan"]
[EventDate "2024.03.29"]

{ Event information: <a
href="https://www.irlchess.com/dublin65plus2024_allfiles/pairings_dublin65plus2024.html">Tournament
report</a>. }

1. d4 d5 2. c4 e6 3. Nc3 c5 4. cxd5 exd5 5. Nf3 Nf6 6. g3 Nc6 7. Bg2 Be7 8.
O-O O-O 9. Bg5 c4 10. Rc1 Qa5 11. Ne5 Be6 12. e4 dxe4 13. Nxc6 bxc6 14.
Nxe4 Qf5 15. Qc2 Nd5 16. Bxe7 Nxe7 17. Nd6 Qxc2 18. Rxc2 Rad8 19. Nxc4 Rxd4
20. Ne5 Rfd8 21. Nxc6 Nxc6 22. Rxc6 Rd2 23. Rc7 Rxb2 24. Rxa7 Rxa2 25. Rxa2
1/2-1/2

[Event "Dublin International 65+ 2024"]
[Site "Dublin IRL"]
[Date "2024.03.30"]
[Round "2.3"]
[White "Harding, Tim"]
[Black "Reynolds, Pat"]
[Result "1/2-1/2"]
[WhiteTitle "CM"]
[WhiteElo "1931"]
[BlackElo "1866"]
[WhiteICU "1787"]
[BlackICU "1649"]
[WhiteClub "Unattached"]
[BlackClub "Bray/Greystones"]
[WhiteNationality "IRL"]
[BlackNationality "IRL"]
[WhiteFideId "2500256"]
[BlackFideId "2501392"]
[PlyCount "87"]
[FIDETournamentId "367372"]
[ChessResultsKey "912561"]
[Venue "Talbot Hotel Stillorgan"]
[EventDate "2024.03.29"]

{ Event information: <a
href="https://www.irlchess.com/dublin65plus2024_allfiles/pairings_dublin65plus2024.html">Tournament
report</a>. }

1. c4 e5 2. Nc3 Nc6 3. Nf3 f5 4. g3 Nf6 5. d4 e4 6. Ne5 d6 7. Nxc6 bxc6 8.
Bg2 a5 9. O-O Be7 10. d5 c5 11. f3 exf3 12. exf3 O-O 13. Qc2 Nd7 14. Ne2
Rf7 15. Bd2 Nb6 16. Nf4 Bf6 17. Bc3 Bxc3 18. Qxc3 Qf6 19. Qxf6 Rxf6 20.
Rfc1 g5 21. Nh3 h6 22. f4 g4 23. Nf2 Bd7 24. b3 Re8 25. Re1 Rff8 26. Bf1
Kf7 27. Bd3 Kf6 28. Kf1 c6 29. dxc6 Bxc6 30. Rxe8 Rxe8 31. Nd1 d5 32. cxd5
Bxd5 33. Rc1 Rc8 34. Ne3 Be6 35. Nc4 Bxc4 36. Bxc4 Nxc4 37. Rxc4 Ke6 38.
Ke2 Kd5 39. Kd3 Rb8 40. Rc2 Re8 41. Rd2 Re4 42. Kc3+ Kc6 43. a3 Re3+ 44.
Kc4 1/2-1/2

[Event "Dublin International 65+ 2024"]
[Site "Dublin IRL"]
[Date "2024.03.30"]
[Round "2.4"]
[White "McMahon, Frank"]
[Black "Keogh, Eamon"]
[Result "0-1"]
[BlackTitle "NM"]
[WhiteElo "1869"]
[BlackElo "1912"]
[WhiteICU "1672"]
[BlackICU "1776"]
[WhiteClub "Malahide"]
[BlackClub "Kilkenny"]
[WhiteNationality "IRL"]
[BlackNationality "IRL"]
[WhiteFideId "2503395"]
[BlackFideId "2500264"]
[PlyCount "100"]
[FIDETournamentId "367372"]
[ChessResultsKey "912561"]
[Venue "Talbot Hotel Stillorgan"]
[EventDate "2024.03.29"]

{ Event information: <a
href="https://www.irlchess.com/dublin65plus2024_allfiles/pairings_dublin65plus2024.html">Tournament
report</a>. }

1. e4 e6 2. d4 d5 3. Nc3 Nf6 4. Bg5 Be7 5. e5 Ng8 6. Bxe7 Qxe7 7. Qg4 f5 8.
Qg3 Nh6 9. O-O-O O-O 10. f4 a6 11. h3 b5 12. Qe3 Bd7 13. Bd3 Be8 14. Nf3
Nd7 15. Rdg1 c5 16. dxc5 Nxc5 17. g4 Bg6 18. g5 Nf7 19. Nh4 Rfd8 20. Nxg6
hxg6 21. Ne2 Rdc8 22. h4 b4 23. Nd4 Qa7 24. Rh3 a5 25. Kb1 a4 26. h5 gxh5
27. Rxh5 b3 28. a3 Nxd3 29. cxd3 Rc2 30. g6 (30. Rh3 $1 $18 { since Black
cannot cover both c2 and e6. }) 30... Nh6 31. Ka1 (31. Rh3 $1 { is still
winning. }) 31... Rc7 32. Rgh1 Rac8 { Threatening 33... Qxd4. } 33. Kb1 Rc2
34. Nxf5 (34. Qg1 $5 $10) 34... Qxe3 35. Nxe3 Re2 $15 36. R5h3 (36. Ng4 $5
{ appears to be enough to hold. }) 36... d4 37. Nc4 Rf2 38. f5 exf5 39. Re1
Re8 40. e6 Rxe6 41. Rc1 Rxg6 42. Ne5 Rgg2 43. Nc4 f4 44. Rhh1 f3 45. Rh4
Nf5 46. Rh5 Ne3 47. Ra5 Nxc4 48. Rxc4 Rxb2+ 49. Kc1 Rbc2+ 50. Rxc2 Rxc2+
0-1

[Event "Dublin International 65+ 2024"]
[Site "Dublin IRL"]
[Date "2024.03.30"]
[Round "3.1"]
[White "Keogh, Eamon"]
[Black "Morriss, Pete"]
[Result "1-0"]
[WhiteTitle "NM"]
[WhiteElo "1912"]
[BlackElo "1957"]
[WhiteICU "1776"]
[BlackICU "1722"]
[WhiteClub "Kilkenny"]
[BlackClub "Galway"]
[WhiteNationality "IRL"]
[BlackNationality "IRL"]
[WhiteFideId "2500264"]
[BlackFideId "2500230"]
[PlyCount "89"]
[FIDETournamentId "367372"]
[ChessResultsKey "912561"]
[Venue "Talbot Hotel Stillorgan"]
[EventDate "2024.03.29"]

{ Event information: <a
href="https://www.irlchess.com/dublin65plus2024_allfiles/pairings_dublin65plus2024.html">Tournament
report</a>. }

1. c4 Nf6 2. Nc3 e6 3. g3 c5 4. Bg2 Nc6 5. Nf3 d5 6. cxd5 exd5 7. d3 Be7 8.
O-O O-O 9. e4 dxe4 10. dxe4 Bg4 11. h3 Be6 12. Be3 Qxd1 13. Rfxd1 Rad8 14.
Ng5 Bc8 15. Nd5 Nxd5 16. exd5 Nb4 17. Ne4 Nc2 18. Rac1 Nxe3 19. fxe3 Rfe8
20. d6 Bf8 21. Rxc5 Bxh3 22. Bxh3 Rxe4 23. Rc8 Rxc8 24. Bxc8 Re8 25. d7 Rd8
26. Bxb7 Bc5 27. Kf2 Kf8 28. Bc6 Ke7 29. Rd5 Bb6 30. a4 Bc7 31. b4 Rb8 32.
b5 f6 33. Rd4 Bb6 34. Re4+ Kd6 35. Re8 Rd8 36. Kf3 Ba5 37. Ke4 g6 38. g4
Bb6 39. Kf4 Bc7 40. e4 Kc5+ 41. Kf3 Kd6 42. g5 Rxd7 43. Bxd7 Kxd7 44. Rh8
fxg5 45. Rxh7+ 1-0

[Event "Dublin International 65+ 2024"]
[Site "Dublin IRL"]
[Date "2024.03.30"]
[Round "3.2"]
[White "Doyle, Tony"]
[Black "Murray, Jim G."]
[Result "1-0"]
[WhiteTitle "NM"]
[WhiteElo "2035"]
[BlackElo "1898"]
[WhiteICU "1844"]
[BlackICU "1711"]
[WhiteClub "Unattached"]
[BlackClub "Lucan"]
[WhiteNationality "IRL"]
[BlackNationality "IRL"]
[WhiteFideId "2500329"]
[BlackFideId "2501490"]
[PlyCount "83"]
[FIDETournamentId "367372"]
[ChessResultsKey "912561"]
[Venue "Talbot Hotel Stillorgan"]
[EventDate "2024.03.29"]

{ Event information: <a
href="https://www.irlchess.com/dublin65plus2024_allfiles/pairings_dublin65plus2024.html">Tournament
report</a>. }

1. Nf3 d5 2. d4 Nf6 3. Bf4 Bf5 4. e3 e6 5. Bd3 Ne4 6. Bxe4 dxe4 7. Ng1 Be7
8. Ne2 Nd7 9. O-O O-O 10. h3 h6 11. Nd2 Bd6 12. c4 e5 13. Bh2 exd4 14. Bxd6
cxd6 15. exd4 Nf6 16. Qb3 Qd7 17. g4 Bh7 18. Ng3 Rfe8 19. Rfe1 Re7 20. Rac1
Rae8 21. Ndf1 d5 22. c5 g6 23. Ne3 Rd8 24. a4 Qc6 25. Qb5 a6 26. Qa5 Rc8
27. b4 Qc7 28. Qxc7 Rexc7 29. b5 Kf8 30. bxa6 bxa6 31. Rb1 Ke7 32. Rb6 Rc6
33. Rxc6 Rxc6 34. Rb1 Ke6 35. Ne2 g5 36. Nc3 Kd7 37. Rb7+ Ke6 38. Kf1 Bg6
39. Ke1 h5 40. Kd2 Ne8 41. Ncxd5 f5 42. Re7# 1-0

[Event "Dublin International 65+ 2024"]
[Site "Dublin IRL"]
[Date "2024.03.30"]
[Round "3.3"]
[White "MacElligott, Gerard"]
[Black "Harding, Tim"]
[Result "1-0"]
[WhiteTitle "CM"]
[BlackTitle "CM"]
[WhiteElo "1954"]
[BlackElo "1931"]
[WhiteICU "1825"]
[BlackICU "1787"]
[WhiteClub "Elm Mount"]
[BlackClub "Unattached"]
[WhiteNationality "IRL"]
[BlackNationality "IRL"]
[WhiteFideId "2500647"]
[BlackFideId "2500256"]
[PlyCount "93"]
[FIDETournamentId "367372"]
[ChessResultsKey "912561"]
[Venue "Talbot Hotel Stillorgan"]
[EventDate "2024.03.29"]

{ Event information: <a
href="https://www.irlchess.com/dublin65plus2024_allfiles/pairings_dublin65plus2024.html">Tournament
report</a>. }

1. d4 d5 2. c4 e6 3. Nf3 Nf6 4. g3 Bb4+ 5. Bd2 Be7 6. Bg2 O-O 7. O-O c6 8.
Qc2 Nbd7 9. Bf4 Nh5 10. Bc1 Nhf6 11. Nbd2 b6 12. e4 dxe4 13. Nxe4 Nxe4 14.
Qxe4 Bb7 15. Rd1 Qc8 16. Qc2 Rd8 17. Bf4 h6 18. a3 c5 19. dxc5 Qxc5 20. Ng5
hxg5 21. Bxb7 gxf4 22. Bxa8 fxg3 23. hxg3 Rxa8 24. Rxd7 a5 25. Qe4 Rc8 26.
Qb7 Bf6 27. Rad1 Rf8 28. Rc7 Qh5 29. Rcd7 Qc5 30. b3 a4 31. b4 Qxc4 32.
Qxb6 Qa2 33. Qe3 Rc8 34. R7d3 Qc2 35. Qe4 Qb2 36. Kg2 g6 37. Qf3 Rc2 38.
Qe3 Bc3 39. b5 Qxa3 40. b6 Qb2 41. Qf3 Be5 42. b7 a3 43. Rxa3 Rxf2+ 44.
Qxf2 Qxa3 45. b8=Q+ Bxb8 46. Rd8+ Kg7 47. Rxb8 1-0

[Event "Dublin International 65+ 2024"]
[Site "Dublin IRL"]
[Date "2024.03.30"]
[Round "3.4"]
[White "Reynolds, Pat"]
[Black "Salter, David"]
[Result "1/2-1/2"]
[WhiteElo "1866"]
[BlackElo "1886"]
[WhiteICU "1649"]
[BlackICU "1706"]
[WhiteClub "Bray/Greystones"]
[BlackClub "Phibsboro"]
[WhiteNationality "IRL"]
[BlackNationality "IRL"]
[WhiteFideId "2501392"]
[BlackFideId "2501988"]
[PlyCount "34"]
[FIDETournamentId "367372"]
[ChessResultsKey "912561"]
[Venue "Talbot Hotel Stillorgan"]
[EventDate "2024.03.29"]

{ Event information: <a
href="https://www.irlchess.com/dublin65plus2024_allfiles/pairings_dublin65plus2024.html">Tournament
report</a>. }

1. d4 e6 2. c4 f5 3. g3 Nf6 4. Bg2 Be7 5. Nf3 O-O 6. O-O d6 7. b4 a5 8. b5
Ne4 9. a4 Bf6 10. Bb2 c5 11. e3 Qe7 12. Nbd2 Nxd2 13. Qxd2 e5 14. Ne1 Nd7
15. d5 Rf7 16. e4 f4 17. f3 Nb8 1/2-1/2

[Event "Dublin International 65+ 2024"]
[Site "Dublin IRL"]
[Date "2024.03.31"]
[Round "4.1"]
[White "MacElligott, Gerard"]
[Black "Keogh, Eamon"]
[Result "1-0"]
[WhiteTitle "CM"]
[BlackTitle "NM"]
[WhiteElo "1954"]
[BlackElo "1912"]
[WhiteICU "1825"]
[BlackICU "1776"]
[WhiteClub "Elm Mount"]
[BlackClub "Kilkenny"]
[WhiteNationality "IRL"]
[BlackNationality "IRL"]
[WhiteFideId "2500647"]
[BlackFideId "2500264"]
[PlyCount "63"]
[FIDETournamentId "367372"]
[ChessResultsKey "912561"]
[Venue "Talbot Hotel Stillorgan"]
[EventDate "2024.03.29"]

{ Event information: <a
href="https://www.irlchess.com/dublin65plus2024_allfiles/pairings_dublin65plus2024.html">Tournament
report</a>. }

1. Nf3 c5 2. c4 Nc6 3. Nc3 g6 4. d4 cxd4 5. Nxd4 Bg7 6. Nc2 Nf6 7. e4 d6 8.
Be2 b6 9. f3 Bb7 10. Be3 Rc8 11. Qd2 h5 12. Rc1 h4 13. b3 Nh5 14. O-O Qd7
15. Nd5 Ne5 16. Nd4 Nf6 17. Bg5 Ng8 18. h3 Nc6 19. Be3 Nf6 20. Rfd1 Nh5 21.
f4 Ng3 22. Bf3 g5 23. Nxc6 gxf4 24. Bd4 Bxc6 25. Bxg7 Rg8 26. Bh6 Bxd5 27.
cxd5 Rxc1 28. Rxc1 f5 29. Qxf4 fxe4 30. Bg4 Qxg4 31. Qxg4 Rxg4 32. hxg4 1-0

[Event "Dublin International 65+ 2024"]
[Site "Dublin IRL"]
[Date "2024.03.31"]
[Round "4.2"]
[White "Gudjonsson, Larus Solberg"]
[Black "Doyle, Tony"]
[Result "0-1"]
[BlackTitle "NM"]
[WhiteElo "1549"]
[BlackElo "2035"]
[BlackICU "1844"]
[WhiteClub "Go&eth;inn ISL"]
[BlackClub "Unattached"]
[WhiteNationality "ISL"]
[BlackNationality "IRL"]
[WhiteFideId "2329344"]
[BlackFideId "2500329"]
[PlyCount "52"]
[FIDETournamentId "367372"]
[ChessResultsKey "912561"]
[Venue "Talbot Hotel Stillorgan"]
[EventDate "2024.03.29"]
[WhiteFullName "Gu&eth;j&oacute;nsson, L&aacute;rus S&oacute;lberg"]

{ Event information: <a
href="https://www.irlchess.com/dublin65plus2024_allfiles/pairings_dublin65plus2024.html">Tournament
report</a>. }

1. e4 c6 2. d4 d5 3. e5 c5 4. dxc5 Nc6 5. Nf3 Bg4 6. Be2 e6 7. Be3 Bxf3 8.
Bxf3 Nxe5 9. a3 Nxf3+ 10. Qxf3 Nf6 11. Bd4 Be7 12. O-O O-O 13. Nd2 Nd7 14.
b4 Bf6 15. Bxf6 Nxf6 16. Rad1 Qc7 17. Nb3 b6 18. Rfe1 Ne4 19. Qe3 bxc5 20.
f3 Nd6 21. Nxc5 Nc4 22. Qb3 a5 23. c3 Rfb8 24. Kh1 Qxc5 25. bxc5 Rxb3 26.
Rb1 a4 0-1

[Event "Dublin International 65+ 2024"]
[Site "Dublin IRL"]
[Date "2024.03.31"]
[Round "4.3"]
[White "Lohan, Martin"]
[Black "Reynolds, Pat"]
[Result "1/2-1/2"]
[WhiteElo "1861"]
[BlackElo "1866"]
[WhiteICU "1652"]
[BlackICU "1649"]
[WhiteClub "Dun Laoghaire"]
[BlackClub "Bray/Greystones"]
[WhiteNationality "IRL"]
[BlackNationality "IRL"]
[WhiteFideId "2512726"]
[BlackFideId "2501392"]
[PlyCount "28"]
[FIDETournamentId "367372"]
[ChessResultsKey "912561"]
[Venue "Talbot Hotel Stillorgan"]
[EventDate "2024.03.29"]

{ Event information: <a
href="https://www.irlchess.com/dublin65plus2024_allfiles/pairings_dublin65plus2024.html">Tournament
report</a>. }

1. Nf3 c5 2. d3 d5 3. g3 Nf6 4. Bg2 Nc6 5. O-O e5 6. Nbd2 Be7 7. e4 O-O 8.
exd5 Nxd5 9. Nc4 Bf6 10. Re1 Re8 11. a4 Bg4 12. Ne3 Be6 13. Nc4 Bg4 14. Ne3
Be6 1/2-1/2

[Event "Dublin International 65+ 2024"]
[Site "Dublin IRL"]
[Date "2024.03.31"]
[Round "4.4"]
[White "Lynch, Peter J."]
[Black "Harding, Tim"]
[Result "0-1"]
[BlackTitle "CM"]
[WhiteElo "1730"]
[BlackElo "1931"]
[WhiteICU "1304"]
[BlackICU "1787"]
[WhiteClub "Knights of Eanna / Rathmines"]
[BlackClub "Unattached"]
[WhiteNationality "IRL"]
[BlackNationality "IRL"]
[WhiteFideId "2501252"]
[BlackFideId "2500256"]
[PlyCount "40"]
[FIDETournamentId "367372"]
[ChessResultsKey "912561"]
[Venue "Talbot Hotel Stillorgan"]
[EventDate "2024.03.29"]

{ Event information: <a
href="https://www.irlchess.com/dublin65plus2024_allfiles/pairings_dublin65plus2024.html">Tournament
report</a>. }

1. e4 d5 2. exd5 Qxd5 3. Nc3 Qd6 4. d4 Nf6 5. Nf3 a6 6. h3 g6 7. Be3 Bg7 8.
Qd2 b5 9. a3 Bb7 10. Be2 Nbd7 11. O-O O-O 12. Rfd1 Ne4 13. Nxe4 Bxe4 14.
Bh6 Qf6 15. Bxg7 Kxg7 16. Rac1 c5 17. Qe3 Bxf3 18. Bxf3 Rac8 19. Bb7 Rc7
20. Bxa6 Qxa6 0-1

[Event "Dublin International 65+ 2024"]
[Site "Dublin IRL"]
[Date "2024.03.31"]
[Round "5.2"]
[White "Keogh, Eamon"]
[Black "Reynolds, Pat"]
[Result "1-0"]
[WhiteTitle "NM"]
[WhiteElo "1912"]
[BlackElo "1866"]
[WhiteICU "1776"]
[BlackICU "1649"]
[WhiteClub "Kilkenny"]
[BlackClub "Bray/Greystones"]
[WhiteNationality "IRL"]
[BlackNationality "IRL"]
[WhiteFideId "2500264"]
[BlackFideId "2501392"]
[PlyCount "47"]
[FIDETournamentId "367372"]
[ChessResultsKey "912561"]
[Venue "Talbot Hotel Stillorgan"]
[EventDate "2024.03.29"]

{ Event information: <a
href="https://www.irlchess.com/dublin65plus2024_allfiles/pairings_dublin65plus2024.html">Tournament
report</a>. }

1. e4 c5 2. Nc3 Nc6 3. f4 g6 4. Nf3 Bg7 5. Bc4 d6 6. O-O Nf6 7. d3 O-O 8.
Qe1 a6 9. a3 b5 10. Ba2 e6 11. Qh4 Nd4 12. Nxd4 cxd4 13. Ne2 Nd7 14. Qg3
Nc5 15. f5 d5 16. fxg6 hxg6 17. exd5 e5 18. Bg5 Qd6 19. Rf2 Ra7 20. Nxd4 f5
21. Nc6 Raf7 22. Ne7+ Kh8 23. Qh4+ Bh6 24. Qxh6+ 1-0